书目信息 |
| 题名: |
湮灭
|
|
| 作者: | 洪峰 著 | |
| 分册: | ||
| 出版信息: | 沈阳 春风文艺出版社 1995.01 |
|
| 页数: | 315页 | |
| 开本: | 32开 | |
| 丛书名: | ||
| 单 册: | ||
| 中图分类: | I247.5 | |
| 科图分类: | ||
| 主题词: | 小说--中国 | |
| 电子资源: | ||
| ISBN: | 7-5313-1457-6 | |
| 000 | 00507nam0 2200193 45 | |
| 001 | 0006140304 | |
| 005 | 20000614033913.0 | |
| 010 | @a7-5313-1457-6@d14.80元 | |
| 100 | @a20000614d1995 km y0chiy0120 ea | |
| 101 | 0 | @achi |
| 105 | @a z 000yy | |
| 200 | 1 | @a湮灭@AYan Mie@f洪峰著@FHong Feng Zhu |
| 210 | @a沈阳@c春风文艺出版社@d1995.01 | |
| 215 | @a315页@d32开 | |
| 606 | 0 | @a小说@x中国 |
| 690 | @aI247.5@v3 | |
| 701 | 0 | @a洪峰@4著 |
| 801 | @aCN@bPftUser@c20000614 | |
| 905 | @b206450-451@dI247.5@eH266@f2 | |
| 湮灭/洪峰著.-沈阳:春风文艺出版社,1995.01 |
| 315页;32开 |
| ISBN 7-5313-1457-6:14.80元 |
| ● |
| 相关链接 |
|
|
|
正题名:湮灭
索取号:I247.5/H266
 
预约/预借
| 序号 | 登录号 | 条形码 | 馆藏地/架位号 | 状态 | 备注 |
| 1 | 206450 | 202064504 | 社科二线422/422社科库 12排1列3层/ [索取号:I247.5/H266] | 在馆 | |
| 2 | 206451 | 202064513 | 社科二线422/422社科库 12排1列3层/ [索取号:I247.5/H266] | 在馆 |